[Event "Pavlodar-ch School"]
[Site "Pavlodar"]
[Date "2007.09.14"]
[Round "10"]
[White "Skurygin, Anton"]
[Black "Kim, Tatiana"]
[Result "1-0"]
[WhiteElo "2319"]
[BlackElo "1958"]
[PlyCount "75"]
[EventDate "2007.09.05"]
[EventType "tourn"]
[EventRounds "11"]
[EventCountry "KAZ"]
[SourceTitle "EXT 2022"]
[Source "ChessBase"]
[SourceDate "2021.10.06"]
[SourceVersion "1"]
[SourceVersionDate "2021.10.06"]
[SourceQuality "1"]

1. d4 Nf6 2. c4 c5 3. Nf3 cxd4 4. Nxd4 g6 5. Nc3 Bg7 6. e4 Nc6 7. Nc2 0-0 8. Be2 d6 9. 0-0 Be6 10. Be3 Na5 11. b3 Nd7 12. Nd4 Nc6 13. Nxe6 fxe6 14. Qd2 Nc5 15. f3 a5 16. Rab1 b6 17. Rfc1 Qc7 18. a3 a4 19. Nxa4 Nxa4 20. bxa4 Rfb8 21. Bd1 Ra5 22. Rb5 Ra7 23. Rcb1 Rab7 24. Qf2 Ne5 25. Bxb6 Qxc4 26. Bb3 Qc8 27. a5 Nc6 28. Rc1 Qe8 29. Bxe6+ Kh8 30. a6 Ra7 31. Bxa7 Rxb5 32. Be3 Ra5 33. a7 Rxa3 34. Bd5 Ra6 35. Bxc6 Rxc6 36. Rxc6 Qxc6 37. Qa2 Qa8 38. Qb3 1-0

[Event "Pavlodar-ch School"]
[Site "Pavlodar"]
[Date "2007.09.10"]
[Round "6"]
[White "Ospanov, Nazar"]
[Black "Kim, Tatiana"]
[Result "1-0"]
[WhiteElo "2130"]
[BlackElo "1958"]
[PlyCount "53"]
[EventDate "2007.09.05"]
[EventType "tourn"]
[EventRounds "11"]
[EventCountry "KAZ"]
[SourceTitle "EXT 2022"]
[Source "ChessBase"]
[SourceDate "2021.10.06"]
[SourceVersion "1"]
[SourceVersionDate "2021.10.06"]
[SourceQuality "1"]

1. d4 Nf6 2. Nf3 d5 3. Bf4 e6 4. e3 c5 5. c3 Nc6 6. Nbd2 Be7 7. Ne5 0-0 8. Bd3 Nxe5 9. dxe5 Nd7 10. Qh5 f5 11. g4 c4 12. Bc2 Nc5 13. Rg1 Nd3+ 14. Bxd3 cxd3 15. 0-0-0 b5 16. Rg3 b4 17. Rdg1 fxg4 18. Rxg4 Rf7 19. Qh6 Qf8 20. cxb4 Kh8 21. Qh5 Bd7 22. Nf3 Qc8+ 23. Kb1 Qc2+ 24. Ka1 Raf8 25. Bh6 d2 26. Nxd2 gxh6 27. Qxf7 1-0

[Event "Izmailov Memorial op 10th"]
[Site "Tomsk"]
[Date "2006.07.12"]
[Round "1"]
[White "Kim, Tatiana"]
[Black "Popov, Roman"]
[Result "1/2-1/2"]
[WhiteElo "1937"]
[BlackElo "2341"]
[PlyCount "125"]
[EventDate "2006.07.12"]
[EventType "swiss"]
[EventRounds "9"]
[EventCountry "RUS"]
[SourceTitle "EXT 2008"]
[Source "ChessBase"]
[SourceDate "2007.11.25"]
[SourceVersion "1"]
[SourceVersionDate "2007.11.25"]
[SourceQuality "1"]

1. e4 e6 2. d3 d5 3. Nd2 Nf6 4. Ngf3 Nc6 5. c3 e5 6. Be2 Be7 7. 0-0 0-0 8. Re1 Re8 9. Qc2 a5 10. a4 b6 11. Nf1 Bb7 12. Ng3 Bf8 13. Bg5 Re6 14. Bf1 h6 15. Bxf6 Rxf6 16. Rad1 Re6 17. Qb3 d4 18. c4 Nb8 19. Nd2 Na6 20. Qc2 Bc6 21. b3 Nc5 22. Ne2 Qd6 23. g3 g6 24. Bh3 Re7 25. f4 Bg7 26. Nf3 f5 27. fxe5 Bxe5 28. Nxe5 Qxe5 29. Nf4 Qf6 30. exf5 Rae8 31. Rxe7 Qxe7 32. fxg6 Qe3+ 33. Qf2 Nxb3 34. Qxe3 Rxe3 35. Be6+ Kg7 36. Bd5 Bd7 37. Rf1 Nc5 38. Bf7 Bg4 39. h3 Rxg3+ 40. Kh2 Rf3 41. hxg4 Rxf1 42. Nh5+ Kf8 43. Bd5 Ke7 44. g7 Rf8 45. gxf8Q+ Kxf8 46. Nf4 Ke7 47. Kg3 Nxa4 48. Kf3 Nc3 49. Ne2 Kd6 50. Nxd4 Nxd5 51. cxd5 Kxd5 52. Ke3 a4 53. Nb5 Kc6 54. Nc3 b5 55. d4 a3 56. Na2 Kd5 57. Kd3 c5 58. dxc5 Kxc5 59. Kc3 Kd5 60. Kb3 Ke4 61. Nc3+ Kf4 62. Kxa3 Kxg4 63. Ne4 1/2-1/2

[Event "Asia-ch U18 Girls"]
[Site "Bishkek"]
[Date "2006.??.??"]
[Round "6"]
[White "Dauletova, Gulmira"]
[Black "Kim, Tatiana"]
[Result "1-0"]
[WhiteElo "2151"]
[BlackElo "1869"]
[PlyCount "121"]
[EventDate "2006.09.02"]
[EventType "swiss"]
[EventRounds "9"]
[EventCountry "KGZ"]
[SourceTitle "EXT 2007"]
[Source "ChessBase"]
[SourceDate "2006.11.23"]
[SourceVersion "1"]
[SourceVersionDate "2006.11.23"]
[SourceQuality "1"]

1. c4 c5 2. Nc3 Nc6 3. g3 g6 4. Bg2 Bg7 5. Nf3 d6 6. 0-0 e5 7. d3 Nge7 8. a3 0-0 9. Rb1 f5 10. Bd2 Rb8 11. b4 b6 12. Qa4 Qd7 13. h4 h6 14. Ne1 Nd4 15. Qxd7 Bxd7 16. e3 Ne6 17. b5 Bc8 18. a4 Bb7 19. Nd5 Nxd5 20. Bxd5 Bxd5 21. cxd5 Nc7 22. e4 h5 23. Nc2 Kh7 24. Na3 Bh6 25. Bg5 Bxg5 26. hxg5 f4 27. Nc4 Ne8 28. Rb3 Rb7 29. Kg2 Rbf7 30. gxf4 Rxf4 31. f3 R8f7 32. a5 bxa5 33. Ra3 Rb7 34. Rxa5 Kg8 35. Rb1 Rbf7 36. Nd2 Rb7 37. Nc4 Rbf7 38. Rf1 Rb7 39. Rfa1 Rff7 40. Rb1 Rf4 41. Ra6 Rbf7 42. Nd2 Rb7 43. Rc6 Kf8 44. Rc8 Rff7 45. Nc4 Rfd7 46. Na5 Rbc7 47. Ra8 Kf7 48. Nc6 Rb7 49. Nd8+ Rxd8 50. Rxd8 Ke7 51. Ra8 Nc7 52. Rh8 Rxb5 53. Rh7+ Kd8 54. Rxb5 Nxb5 55. Rb7 a6 56. Rb6 Kd7 57. Rxa6 Nc7 58. Rb6 Ne8 59. Rb8 Ke7 60. Rb7+ Kd8 61. Rh7 1-0

[Event "Asia-ch U18 Girls"]
[Site "Bishkek"]
[Date "2006.??.??"]
[Round "3"]
[White "Sivasankari, P."]
[Black "Kim, Tatiana"]
[Result "1/2-1/2"]
[WhiteElo "2068"]
[BlackElo "1869"]
[PlyCount "106"]
[EventDate "2006.09.02"]
[EventType "swiss"]
[EventRounds "9"]
[EventCountry "KGZ"]
[SourceTitle "EXT 2007"]
[Source "ChessBase"]
[SourceDate "2006.11.23"]
[SourceVersion "1"]
[SourceVersionDate "2006.11.23"]
[SourceQuality "1"]

1. d4 f5 2. c4 e6 3. Nf3 Nf6 4. g3 d5 5. Bg2 c6 6. 0-0 Bd6 7. b3 0-0 8. Bb2 Ne4 9. Ne5 Nd7 10. Nd2 Qf6 11. Ndf3 g5 12. Nxd7 Bxd7 13. Ne5 Qg7 14. f3 Nf6 15. e4 Rae8 16. Nxd7 Nxd7 17. e5 Be7 18. cxd5 cxd5 19. Rc1 Rc8 20. Qd2 Nb8 21. a4 Nc6 22. Bc3 g4 23. f4 h5 24. Rfd1 Rc7 25. b4 Rfc8 26. b5 Nb8 27. Bf1 Ba3 28. Bb2 Qe7 29. Rxc7 Rxc7 30. Rc1 Rxc1 31. Qxc1 Bxb2 32. Qxb2 Qc7 33. Qa3 b6 34. Bd3 Kf7 35. Kf2 Nd7 36. Ke2 Nf8 37. Kd2 Ng6 38. Qa1 h4 39. Ke3 hxg3 40. hxg3 Qc8 41. Kf2 Qh8 42. Bf1 Qh2+ 43. Bg2 Nxf4 44. gxf4 Qxf4+ 45. Ke2 Qh2 46. Qh1 Qxh1 47. Bxh1 f4 48. Kf2 Kg6 49. Bg2 Kf5 50. Bh1 Kg5 51. Kg2 Kh4 52. Kf2 Kg5 53. Kg2 Kf5 1/2-1/2